=LDR 00000nam 2200000 4500 =001 INLIS000000000002543 =005 20130612090855 =008 ***********************************Ind** =035 ##$$0010-061300000002543 =041 ##$$a Ind =082 ##$$a 616 =090 ##$$a 616, Ped =245 ##$$a Pedoman perawatan dan pengobatan berbagai penyakit, Tim pengembangan SDM Yayasan Pendidikan Haster Bandung =260 ##$$a 1996 $b Bandung =300 ##$$a x,262 hlm, 19 cm =650 ##$$a Penyakit =650 ##$$a Perawatan dan Pengobatan =850 ##$$a NBPNMAT